000 01447nam a2200385 c 4500
003 BLK
005 20231220005259.0
008 180408b bul|||||r ||||||| ||bul||
010 _aKNG00073339000
020 _a954-431-108-4
_bиздат.: Златното пате
040 _aBLK
041 _aBUL
_cBUL
080 _aДатска литература
_b821.113.4
_x-93-91
_z821.113.4-93-91
700 _aГеоргиев, Галин Николаев
_9368580
700 1 _aКнязева, Светлана Ангелова
_eхудож.
_9367584
139 _aПалечка
_bП 15
245 1 0 _aПалечка
_bПанорамна приказка
_cхудож. Галин Николаев Георгиев; худож. Светлана Ангелова Князева.
257 _aBGR
260 София
_bЗлатното пате
_c2006
300 _a10 с.
_bс цв. ил.
_c12 см
380 _aDX
490 1 _aСветовни приказки
490 1 _3Подсерия
_aМъник
500 _aКор. опис. - Офс. изд.
653 _aадаптирани книги
653 _aприказки
653 _aлитература за деца
653 _aдетска литература
852 _aЦб І 32470
856 4 _qpdf
_u
856 4 _qpdf
_u
942 _cKNG
_n0
944 _aCR
_c23.03.2007
_k
_lCRON CRON
944 _aED
_c05.04.2007
_k
999 _c69000
_d69000